Click on only Gaming Youtubers - Statistics

General Stats
  • This quiz has been taken 354 times
  • The average score is 4 of 15
Answers on the Grid
Answers color-coded by a green-red scale on the quiz's grid according to % correct below.
DanTDM
Penguinz0
PrestonPlayz
MrBeast
Jynxzi
Waffloos
Keegzn
ChuffReacts
Danny Gonzalez
Kurtis Conner
Kieran Brown Soccer
Ryth
PewDiePie
Dream
Jstu
Ali-A
T Series
James Charles
Ninja
BRYCENDABEST101
DaFuq
Hyper Fenton
Technoblade
Grox
Keidboi
Lenny Barn
Caylus
Lotus
Justin Bieber
Mike From Modern Goalkeeping
 
Answer Stats
Answer % Correct
DanTDM
85%
PrestonPlayz
52%
PewDiePie
50%
Dream
48%
Ninja
46%
Jynxzi
44%
Technoblade
43%
Ali-A
36%
Grox
9%
Caylus
8%
Waffloos
6%
Lotus
5%
Keegzn
4%
Hyper Fenton
3%
Lenny Barn
1%
No matching quizzes found
Score Distribution
Percent of People with Each Score
Percentile by Number Answered
Your Score History
You have not taken this quiz